| 000 | 00339nam a22001217a 4500 | ||
|---|---|---|---|
| 020 | _a139781496380463 | ||
| 040 | _cNUST IESE | ||
| 082 |
_2Eleventh Edition _a616.9 _bENG |
||
| 245 |
_aBurtons Microbiology _bFor the health sciences |
||
| 260 |
_aCHINA _bS4CARLISLE _c2019 |
||
| 300 | _a477 | ||
| 942 |
_2ddc _cBK _eEleventh _k616.9 ENG _m616.9 ENG |
||
| 999 |
_c594567 _d594567 |
||